| 000 | 00394 a2200157 4500 | ||
|---|---|---|---|
| 999 |
_c4795 _d4795 |
||
| 020 | _a9780552167697 | ||
| 050 | _aPR6066 PRA 2005 | ||
| 100 |
_aPratchett, Terry _eauthor |
||
| 245 |
_aThud / _cTerry Pratchett |
||
| 264 |
_aLondon: _bTransworld, _c2005 |
||
| 300 |
_a460pg . : _bill. |
||
| 440 | _aThe Discworld series | ||
| 500 | _aa novel | ||
| 650 | _aThud | ||
| 942 |
_2lcc _cBK _h6066 _iPRA _k2005 |
||